banner-ar

كل ما تحتاج الى معرفته عن ادارة الاعمال التجارية و الخدمية / (Record no. 62574)

MARC details
000 -الفاتح
حقل البيانات ثابتة الطول 00843nam a22002057a 4500
005 - وقت وتاريخ اخر تعامل مع التسجيلة
رقم الضبط 20240530110556.0
008 - عناصر البيانات ثابتة الطول - معلومات عامة
حقل البيانات ثابتة الطول 160308s2013 ua g 000 0 ara d
017 ## - رقم الايداع القانونى
رقم الايداع القانونى 13787
المصدر ( الهيئة المختصة) مصر . دار الكتب المصرية
020 ## - الرقم الدولى المعيارى للكتب
الرقم الدولى المعيارى للكتاب 9789773582787
040 ## - مصدر الفهرسة
وكالة الفهرسة الأصلية EG-CaGPL
082 04 - رقم تصنيف ديوى العشرى
رقم الطبعة 21
رقم التصنيف 658.404\
رقم المادة ت ك
100 0# - المدخل الرئيسى - إسم شخصى
الإسم الشخصى تراب ، روجر .
245 10 - بيان العنوان
العنوان كل ما تحتاج الى معرفته عن ادارة الاعمال التجارية و الخدمية /
بيان المسئوليه,etc تاليف روجر تراب ؛ ترجمة صلاح الدين حسن السيسى .
250 ## - بيان الطبعة
بيان الطبعة ط1.
260 ## - PUBLICATION, DISTRIBUTION, ETC. (IMPRINT)
تاريخ النشر أو التوزيع 2013 .
300 ## - الوصف المادى
التعداد 214 ص ؛
أبعاد الوعاء 24 سم .
700 0# - المدخل الاضافى - اسم شخصى
الإسم الشخصى صلاح الدين حسن السيسى
الدور مترجم .
942 ## - عناصر المدخل الإضافي( كوها)
مصدر التصنيف او مخطط الترفيف Dewey Decimal Classification
Koha [default] item type كتاب
260 ## - PUBLICATION, DISTRIBUTION, ETC. (IMPRINT)
-- القاهرة :
-- دار الفجر للنشر و التوزيع ،
Holdings
حالة التراجع حالة الفقد حالة تلف ليس للاعارة المكان المؤقت الموقع الحالى تاريخ الاكتساب اجمالي اﻻعارات رقم الطلب الباركود تاريخ اخر مشاهدة تاريخ تفعيل السعر نوع وعاء كوها
        مكتبة القاهرة الكبرى مكتبة القاهرة الكبرى 08/28/2016   658.404\ ت ك 162342 08/28/2016 08/28/2016 كتاب

Powered By

EGPV